00530nam a2200205 a 4500001001300000003000900013005001700022008003800039020001000077082001500087100001700102245005100119260001300170300001000183500003500193505003400228650002200262650002300284700001700307nice12345678IN_TiNIC20260116011608.0050524s1962 a grp 000 0 eng  ac10000a297.1bBRO aBrown, David aWay of the Prophetb an Introduction to Islam. abc1962 a116p. aincludes index and biblioraphy2 aEpiscopal Church in the Sudan aMuhammad, Prophet aIslam-Meccan Trade1 aBrown, David